Dobbiamo disobbedire /

Gespeichert in:
Bibliographische Detailangaben
1. Verfasser: Parise, Goffredo
Weitere Verfasser: Perrella, Silvio
Format: Buch
Sprache:Italienisch
Veröffentlicht: Milano : Adelphi, 2013
Schriftenreihe:Biblioteca minima ; 59
Tags: Tag hinzufügen
Keine Tags, Fügen Sie das erste Tag hinzu!

MARC

LEADER 00000nam a2200000 i 4500
001 IT\ICCU\RAV\1994245
003 ItRI
005 20250716183638.0
008 131010s2013 it |||||| ||||| |||||c
015 |2 IT  |a 2013-6717 
020 |a 9788845928314 
040 |b ita  |c Arcigay Viterbo 
041 7 |a ita  |2 ISO-639-2 
082 |a 858.91408  |2 22 
100 1 |a Parise, Goffredo  |0 IT\ICCU\CFIV\019754 
245 1 0 |a Dobbiamo disobbedire /  |c Goffredo Parise ; a cura di Silvio Perrella. 
260 |a Milano :  |b Adelphi,  |c 2013 
300 |a 76 p. ;  |c 16 cm. 
700 1 |a Perrella, Silvio  |0 IT\ICCU\VIAV\095458 
830 0 |a Biblioteca minima ;  |v 59  |0 IT\ICCU\RMS\1550239 
942 |2 ddc  |c BK 
952 |0 0  |1 0  |2 ddc  |4 0  |6 858_914080000000000_PAR_DOB  |7 0  |9 8076  |a VT  |b VT  |d 2025-07-16  |e Donazione Maurizio Gregorini  |i B173  |l 0  |o 858.91408 PAR DOB  |p B173  |r 2025-07-16 18:37:38  |w 2025-07-16  |y BK  |z Donazione Maurizio Gregorini 
981 1 |6 z01  |a i   |b xxxe  
982 1 |6 z01  |a n 
999 |c 6764  |d 6764